000 00903nam a2200253Ia 4500
003 OSt
005 20220923212026.0
006 a|||||r|||| 00| 0
007 ta
008 220922b |||||||| |||| 00| 0 hin d
024 _a149,956
037 _cTextual
040 _aARTS
_cARTS
_bhin
041 _2hin
_ahin
082 _aU.2'C, 152J0;P7
100 _aमिश्र, रामगोपाल
245 0 _aतपोभूमि
_b प्राचीन भारत का ऐतिहासिक भूगोल
246 _aTapobhūmi: prāchīn bhārat kā aitihāsik bhūgola
260 _aप्रयाग
_b हिन्दी साहित्य सममेलन
_c1950
300 _a413i0
_ccm.
650 _aभारतीय-भूगोल
942 _hU.2'C, 152J0;P7
_cTEXL
_2CC
999 _c305636
_d305636